Stačí jeden automobil Jednoduchšia a šetrnejšia práca v geologickom prieskume

Bibliographic Details
Main Author: Baran, Pavol (Author)
Format: Article
Language:Slovak
PhysicalDescription:Obr. 3.
Subjects:

MARC

LEADER 00000nab a2200000 a 4500
001 vtls000358840
003 SK-MaSNL
005 20260305001338.0
008 111201c1989 xo 0 slo
015 |a SNBRB19rr/mm-uuuuu 
035 |a CL0358962 
040 |a SNKBUCL  |b slo  |c SNKBUCL  |e AACR2 
041 0 |a slo 
044 |a xo  |c SK 
080 |a 550.8:621.869.88  |2 1981 
080 |a 621.869.88  |2 1981 
080 |a 656.073.235  |2 1981 
100 1 |a Baran, Pavol  |4 aut  |9 960834 
245 1 0 |a Stačí jeden automobil  |b Jednoduchšia a šetrnejšia práca v geologickom prieskume  |c Pavol Baran 
300 |b Obr. 3. 
650 0 7 |a geológia  |2 snkbucl  |9 167377 
650 0 7 |a kontajnery  |2 snkbucl  |9 334522 
655 7 |a články z novín a časopisov  |2 snkbucl  |9 267496 
773 0 |t Technické noviny  |g Roč. 37, č. 32 (1989), s. 13 
850 |a Slovenská národná knižnica v Martine  |a MTA001 
852 |a SNK  |b KIS3GCP 
958 |a RK 
992 |a RBX 
999 |c 3218892  |d 3220822